00801nam a22001931i 4500001000700000003000900007005001700016008004100033100002900074245014600103260005700249300002100306490005900327500002700386650004400413710003600457830005500493852005900548179616ES-MaACL20250731063047.0111226s1919 sp |||| | spa d1 aSuárez Zamora, Rodrigo13aLa tuberculosis en los niños b: causas predisponentes : consejos a los padres para evitarlas o atenuarlas / cpor Rodrigo Suárez Zamora. aMadrid : bSociedad Española de Higiene, c[1919?] a35 p. ; c22 cm.1 aLegado Roel : Colección de Memorias Premiadas ; v24 aConcurso de 1918-1919. 4aTuberculosis en niños-xPrevención.2 aSociedad Española de Higiene.00aLegado Roel: Colección de memorias premiadasv24 aES-MaACLjC-8171(19) z.- Encuadernado con otras obras